Kỹ thuật sản xuất giống tôm he Nhật Bản và một số biện pháp phòng trị bệnh
Tài liệu giới thiệu về kỹ thuật sản xuất giống tôm he Nhật Bản cũng như biện pháp phòng và trị bệnh của loài tôm he này.
Spremljeno u:
| Autori kompanije: | , |
|---|---|
| Format: | Knjiga |
| Jezik: | Undetermined |
| Izdano: |
Hà Nội
Nông nghiệp
2005
|
| Teme: | |
| Oznake: |
Dodaj oznaku
Bez oznaka, Budi prvi tko označuje ovaj zapis!
|
| Thư viện lưu trữ: | Trung tâm Học liệu Trường Đại học Cần Thơ |
|---|
| LEADER | 00890nam a2200205Ia 4500 | ||
|---|---|---|---|
| 001 | CTU_161146 | ||
| 008 | 210402s9999 xx 000 0 und d | ||
| 082 | |a 639.6 | ||
| 082 | |b Tr513 | ||
| 110 | |a Bộ Thủy sản | ||
| 110 | |b Trung tâm Khuyến ngư Quốc gia | ||
| 245 | 0 | |a Kỹ thuật sản xuất giống tôm he Nhật Bản và một số biện pháp phòng trị bệnh | |
| 245 | 0 | |c Bộ Thủy sản. Trung tâm Khuyến ngư Quốc gia | |
| 260 | |a Hà Nội | ||
| 260 | |b Nông nghiệp | ||
| 260 | |c 2005 | ||
| 520 | |a Tài liệu giới thiệu về kỹ thuật sản xuất giống tôm he Nhật Bản cũng như biện pháp phòng và trị bệnh của loài tôm he này. | ||
| 650 | |a Fish culture,Shrims | ||
| 904 | |i Giang | ||
| 980 | |a Trung tâm Học liệu Trường Đại học Cần Thơ | ||